000 01429aaa a2200289 a 4500
003 BLK
005 20231127124744.0
007 ta
008 231013b bu ||||| |||| 00| 0 bu d
040 _aBLK
041 _aBUL
_cBUL
080 _aМузика
_b78
_x(497.215)
_z78(497.215)
080 _aФестивали, музикални празнества
_b7.091.4
_x(497.215)
_z7.091.4(497.215)
100 _9372493
_aКуюмджиев, Юлиан Стоянов
245 _a61. Международен фестивал "Мартенски музикални дни"
_cЮлиан Куюмджиев, Лили Николова
300 _a2022, № 3, с. 3-8.
520 _aОбзор на фестивалната програма. LXI Мартенски музикални дни 11 - 27 март 2022
653 _9191269
_aММД
700 _9243595
_aНиколова, Лили
_eсъавт.
773 0 _tМУЗИКАЛНИ ХОРИЗОНТИ
_w295181
_aСБМТД
_dСБМТД 1973
_x1310-0076
_i. //
856 _f61. Международен фестивал "Мартенски музикални дни"
_linternal use only
_qpdf
_uhttp://185.138.176.146:18082/cgi-bin/koha/opac-retrieve-file.pl?id=d4df45178e420eeda6d2b29b35e086ad
_xebook
942 _2udc
_cSTA
_n0
944 _cВаля Йорданова
_k30542
_lРусанова Ирена
999 _c498634
_d498634
999 _d498634
999 _d498634
999 _d498634